Chicago Cubs Batting Season Leaders - Statistics

General Stats
  • This quiz has been taken 44 times
    40 since last reset
  • The average score is 13 of 31
Answer Stats
Answer % Correct
Kris Bryant
100%
Anthony Rizzo
93%
Javier Baez
90%
Ian Happ
83%
Nico Hoerner
67%
Derrek Lee
63%
Kyle Schwarber
63%
Patrick Wisdom
63%
Willson Contreras
63%
Jason Heyward
60%
Alfonso Soriano
57%
Ben Zobrist
57%
Starlin Castro
57%
Aramis Ramirez
53%
Dexter Fowler
50%
Christopher Morel
37%
Carlos Pena
33%
Ryan Theriot
33%
Marlon Byrd
27%
Kosuke Fukudome
23%
Rafael Ortega
20%
Juan Pierre
17%
Welington Castillo
17%
Chris Coghlan
13%
David Bote
13%
David DeJesus
13%
Mark DeRosa
13%
Jon Jay
10%
Tony Campana
10%
Emilio Bonifacio
7%
Michael Barrett
3%
No matching quizzes found
Score Distribution
Percent of People with Each Score
Percentile by Number Answered
Your Score History
You have not taken this quiz since the last reset